00552 2200193 4500001002100000005001500021008004100036020001800077035001900095041000700114082001200121090001800133100002100151245007200172250001000244260004100254300003300295650003000328INLIS00000000000147320241224112345241224||||||||| | ||| |||| || |  a979-769-071-7 0010-1224001473 aid0 a617.601 a617.601 TRI t0 aTri Erri Astoeti00aTotal Quality Management dalam Pendidikan Kesehatan Gigi di Sekolah aEd. 1 aJakartabRaja Grafindo Persadac2006 aviii, 124 hlm.; ilus.: 19 cm 0akesehatan -- Ilmu Terapan